Регионална библиотека "Любен Каравелов" - Русе

Мечо и неговите приятели (Запис номер 95131)

MARC детайли
000 -Лидер
Контролно поле с фиксирана дължина 01680nam a2200385 c 4500
003 - Код на организацията, давaща контролен номер
Контролно поле BLK
005 - Дата и час на последна редакция
Контролно поле 20240607111107.0
008 - Елементи от данни с фиксирана дължина
fixed length control field 180408b bul|||||r ||||||| ||bul||
010 ## - Наследен системен номер
LC control number KNG00099982000
020 ## - Международен стандартен номер на книга ISBN
Международен стандартен номер на книга ISBN 978-954-431-570-2
040 ## - Източник на каталожния запис
Идентификатор на билиотеката - собственик на записа BLK
041 ## - Код за език
Код за езика на текст/звукозапис или на отделно заглавие Български
Код за езика КДБФ Български
072 #7 - Код за тематичната категория
Код организация bullib
Код за тематична категория Н85
Текст Детска художествена литература Н
080 ## - УДК
Текстов определител УДК Руска литература
УДК код - определител по УДК 821.161.1
УДК определител -93-1
УДК - код + определител 821.161.1-93-1
100 1# - Редна дума - Автор
Автор Степанов, Владимир Александрович
Авторска отговорност първи автор
R(LIN) 306251
139 ## - Редно поле
Редна дума Степанов, Владимир Александрович
Авторски знак Сте - С 75
245 10 - Сведения за заглавието
Заглавие Мечо и неговите приятели
Подзаглавни данни Подарък за малчугани
Редно поле (дума) Владимир Александрович Степанов; ил. Игор Приходкин; прев. на стиховете Ангелина Иванова Жекова.
257 ## - Страна на издаване
Страна на създаване/издаване Русия
260 ## - Област на издателските данни
Име на издателя, разпространителя и проч. Златното пате
Година на издаване 2010
Печатница София : Образование и наука
300 ## - Физическа характеристика
Страници 63 с.
Илюстрации и др. с цв. ил.
Размери/Мащаб 20 x18 см
380 ## - Жанр
Жанр Детска худож. лит.
490 1# - СЕРИИ (Колекции)
Име на серия Серия Подарък за ...
500 ## - Общи забележки
Забележка Ориг. загл. Миша и его друзья / В. Степанов.
659 ## - Тематичен бюлетин
Тематичен бюлетин Н
700 1# - Други автори (авторска отговорност)
Лично име Приходкин, Игор
Автороска отговорност (Описва отношението между автора и произведението) ил.
9 (RLIN) 113032
700 ## - Други автори (авторска отговорност)
Лично име Жекова, Ангелина Иванова
Дати, свързани с автора 1944-
9 (RLIN) 366328
852 ## - Местоположение
Форматна сигнатура Цб 251017
856 4# - Електронен адрес и достъп
Електронен формат pdf - файл
856 4# - Електронен адрес и достъп
Електронен формат pdf - файл
999 ## - СИСТЕМНИ КОНТРОЛНИ НОМЕРА
Koha biblionumber 95131
Koha biblioitemnumber 95131
942 ## - АРТИКУЛИ
Вид на библиотечния материал Книги
Скрит в OPAC Не
Koha issues (borrowed), all copies 16
944 ## - СЪЗДАВАНЕ И РЕДАКЦИЯ на ЗАПИСА
Създаване/Редакция Създаване
Дата на регистрацията/редакция 25.02.2011
Служител, извършил регистрацията/редакцията 30537
Статус, дата на статуса Грета Цуфелде
944 ## - СЪЗДАВАНЕ И РЕДАКЦИЯ на ЗАПИСА
Създаване/Редакция Редакция
Дата на регистрацията/редакция 28.01.2018
Служител, извършил регистрацията/редакцията Виолета_Тройчева
999 ## - СИСТЕМНИ КОНТРОЛНИ НОМЕРА
Koha biblioitemnumber 95131
999 ## - СИСТЕМНИ КОНТРОЛНИ НОМЕРА
Koha biblioitemnumber 95131
Наличности
Код за отписване Код за изгубен артикул Код за повреда Коз за рестрикции Код за отдаване Артикулен № Име на библиотеката - собственик Име на библиотеката, в която се намира в момента Статус (Текущо местоположение) Дата на вписване в системата Местоположение - отдел Цена в лева Инвентарен номер Систематично азбучна сигнатура Баркод Номер на екземпляра Цена в евро Служебна бележка Служебен тип на артикула Източник на класификационната схема
  Не е изгубен Не е повреден без рестрикции ползва се в читалня 152780 Регионална библиотека "Любен Каравелов" Русе Регионална библиотека "Любен Каравелов" Русе Хранилище 2011-02-24 Хранилище 6.99 120000749505 Цб 251017 120000749505 1 3.57 Дост: Dp Вид: Д N: 24 Дата: 16.06.2010 Книги  
  Не е изгубен Не е повреден без рестрикции заемане за дома 730118 Регионална библиотека "Любен Каравелов" Русе Регионална библиотека "Любен Каравелов" Русе Детски отдел 2019-07-12 Детски отдел 6.99   ДХ 820/899/С 75 120000833358   3.57   Книги Universal Decimal Classification
Vip Innovations Ltd, Rousse, Bulgaria 2025